000 00787nab a2200241 u 4500
001 20107
003 HDC
007 cr bn ---aaaaa
008 210304c |r|noo 0 a d
040 _aHDC
245 0 _aJAMIL KHIR: NO HALAL CERTIFICATION DOESN'T MEAN FOOD IS HARAM
260 _a[No place] :
_b[publisher not identified],
_c2016
336 _atext
_2rdacontent
337 _acomputer
_2rdamedia
338 _aonline resource
_2rdacarrier
650 _aHalal certificate
_9482
650 _aHalal food
_950
710 _a365 NEWS
856 _zRequest full-text at [email protected]
942 _2lcc
942 _cNEWS
942 _kNWSO 009909
999 _c17423
_d17423